| 000 | 01685cam a22004097a 4500 | ||
|---|---|---|---|
| 999 |
_c329953 _d329953 |
||
| 001 | 13885820 | ||
| 003 | NUST | ||
| 005 | 20170601131901.0 | ||
| 008 | 050301s2006 nyua b 000 0 eng | ||
| 010 | _a 2005923268 | ||
| 015 |
_aGBA4Y2487 _2bnb |
||
| 016 | 7 |
_a010977160 _2Uk |
|
| 016 | 7 |
_a038720220x _2Uk |
|
| 020 | _a038720220X | ||
| 020 | _a9780387202204 | ||
| 035 | _a(OCoLC)ocm56454488 | ||
| 040 |
_aUKM _cUKM _dOCLCQ _dBAKER _dC#P _dOHX _dVP@ _dNLGGC _dYBM _dLVB _dYDXCP _dGZM _dDLC |
||
| 042 | _alccopycat | ||
| 050 | 0 | 0 |
_aQA247.5 _b.F536 2006 |
| 082 | 0 | 4 |
_a512.786 _222 |
| 084 |
_a31.00 _2bcl |
||
| 100 | 1 |
_aFlannery, David, _d1952- _91824 |
|
| 245 | 1 | 4 |
_aThe square root of 2 : _ba dialogue concerning a number and a sequence / _cDavid Flannery. |
| 246 | 3 | _aSquare root of two | |
| 260 |
_aNew York : _bCopernicus ; _a[Chichester, England] : _bPraxis, _cc2006. |
||
| 300 |
_ax, 256 p. : _bill. ; _c25 cm. |
||
| 504 | _aIncludes bibliographical references (p. 251-253). | ||
| 505 | 0 | _aAsking the right questions -- Irrationality and its consequences -- The power of a little algebra -- Witchcraft -- Odds and ends. | |
| 650 | 0 |
_aIrrational numbers. _91825 |
|
| 650 | 6 |
_aNombres irrationnels. _91826 |
|
| 650 | 1 | 7 |
_aIrrationale getallen. _2gtt _91827 |
| 650 | 1 | 7 |
_aWortels (wiskunde) _2gtt _91828 |
| 650 | 1 | 7 |
_aTwee (getal) _2gtt _91829 |
| 856 | 4 | 1 |
_3Table of contents _uhttp://www.loc.gov/catdir/toc/fy0804/2005923268.html |
| 856 | 4 | 2 |
_3Publisher description _uhttp://www.loc.gov/catdir/enhancements/fy0913/2005923268-d.html |
| 906 |
_a7 _bcbc _ccopycat _d2 _encip _f20 _gy-gencatlg |
||
| 942 |
_2ddc _cBK |
||